[Event "London Classic Open 2018"]
[Site "London ENG"]
[Date "2018.12.09"]
[Round "1.23"]
[White "Kromhout, Ewan"]
[Black "Pert, Richard G"]
[Result "0-1"]
[BlackTitle "IM"]
[WhiteElo "2019"]
[BlackElo "2416"]
[WhiteFideId "14300206"]
[BlackFideId "404748"]
[EventDate "2018.12.09"]

1. d4 e6 2. Nf3 f5 3. c4 Nf6 4. Nc3 Bb4 5. e3 O-O 6. Be2 b6 7. O-O Bb7 8. Qb3
Bxc3 9. bxc3 Ne4 10. a4 Rf6 11. Nd2 Ng5 12. d5 Na6 13. Ba3 Rb8 14. f4 Nf7 15.
Rad1 Nc5 16. Bxc5 bxc5 17. Qa3 Qe7 18. e4 exd5 19. e5 Rh6 20. Nf3 dxc4 21. Bxc4
Bxf3 22. Rxf3 Kf8 23. Qa2 d6 24. Rfd3 Rd8 25. Qd2 Re8 26. g3 Rg6 27. Qg2 Rd8 28.
Qh3 Nh6 29. Qg2 Nf7 30. Qd2 h5 31. Qe2 Rh6 32. Qd2 h4 33. Kg2 hxg3 34. hxg3 c6
35. e6 d5 36. Re1 dxc4 37. Rxd8+ Nxd8 38. Rd1 Nxe6 39. Re1 Kg8 40. Qc2 Nxf4+ 41.
gxf4 Qxe1 0-1

[Event "London Classic Open 2018"]
[Site "London ENG"]
[Date "2018.12.09"]
[Round "1.24"]
[White "Wells, Peter K"]
[Black "Wilks, Simon"]
[Result "1-0"]
[WhiteTitle "GM"]
[WhiteElo "2412"]
[BlackElo "2019"]
[WhiteFideId "400327"]
[BlackFideId "427357"]
[EventDate "2018.12.09"]

1. Nf3 e6 2. c4 Nf6 3. g3 d5 4. d4 Bb4+ 5. Bd2 Bxd2+ 6. Qxd2 Qe7 7. Bg2 Ne4 8.
Qc2 Qb4+ 9. Nfd2 Nxd2 10. Nxd2 Nc6 11. e3 Qd6 12. O-O O-O 13. Rfc1 Rd8 14. a3 a5
15. Nb3 Rd7 16. Nc5 Rd8 17. h4 Ne7 18. b4 axb4 19. axb4 Rxa1 20. Rxa1 c6 21. Ra8
b6 22. Nd3 dxc4 23. Qxc4 Bb7 24. Rxd8+ Qxd8 25. Ne5 Qc8 26. Qa2 g6 27. b5 cxb5
28. Qa7 Bxg2 29. Qxe7 Bd5 30. Qxf7+ Kh8 31. Kh2 b4 32. Qe7 Qg8 33. Qxb4 Qg7 34.
Qxb6 Qf6 35. Qb8+ Kg7 36. Qc7+ Kg8 37. Qc2 g5 38. hxg5 Qd8 39. e4 Bb7 40. Qc4
Bxe4 41. Qxe6+ Kg7 42. Qf7+ Kh8 43. Qf6+ 1-0

[Event "London Classic Open 2018"]
[Site "London ENG"]
[Date "2018.12.09"]
[Round "1.27"]
[White "Burke, John S"]
[Black "McDonald, Neil"]
[Result "0-1"]
[BlackTitle "GM"]
[WhiteElo "1980"]
[BlackElo "2403"]
[WhiteFideId "404322"]
[BlackFideId "400629"]
[EventDate "2018.12.09"]

1. d4 d5 2. Bf4 Nf6 3. e3 e6 4. Nd2 c5 5. Ngf3 Bd6 6. Bg3 O-O 7. c3 Qc7 8. Ne5
Nc6 9. f4 Ne7 10. Bd3 c4 11. Bc2 b5 12. O-O Bb7 13. Qf3 b4 14. Bh4 Ne8 15. Bxe7
Qxe7 16. Qh3 g6 17. Rf3 f5 18. Rg3 Bxe5 19. fxe5 bxc3 20. bxc3 Qa3 21. e4 dxe4
22. Nxc4 Qa6 23. Nd6 Nxd6 24. exd6 Qxd6 25. Qh6 Rf7 26. Rf1 Rc8 27. Rf4 Rxc3 0-1

[Event "London Classic Open 2018"]
[Site "London ENG"]
[Date "2018.12.09"]
[Round "1.28"]
[White "Eggleston, David J"]
[Black "Ditmas, Hugh"]
[Result "1-0"]
[WhiteTitle "IM"]
[WhiteElo "2397"]
[BlackElo "1978"]
[WhiteFideId "412120"]
[BlackFideId "1270666"]
[EventDate "2018.12.09"]

1. e4 c5 2. Nf3 Nc6 3. d4 cxd4 4. Nxd4 Nf6 5. Nc3 e5 6. Ndb5 d6 7. Bg5 a6 8. Na3
b5 9. Nd5 Be7 10. Bxf6 Bxf6 11. c3 Bg5 12. Nc2 Rb8 13. a4 bxa4 14. Ncb4 Nxb4 15.
cxb4 Bd7 16. Rxa4 a5 17. h4 Bh6 18. Rxa5 Rxb4 19. Nxb4 Qxa5 20. Qxd6 Qa1+ 21.
Qd1 Qxb2 22. Nd5 O-O 23. Be2 Bb5 24. Bxb5 Qxb5 25. Rh3 Rb8 26. Rd3 g6 27. g3 Bf8
28. Kf1 Qc4 29. Kg1 Kg7 30. Re3 Bc5 31. Re2 Bd4 32. Qc2 Qa6 33. Rd2 Qa5 34. Qd3
Rb1+ 35. Kh2 Qa1 36. Qf3 Qa6 37. Rc2 Rb2 38. Rxb2 Bxb2 39. h5 Bc1 40. Qc3 Qf1
41. Qxe5+ Kh6 42. Qf6 Qe2 43. Qxf7 Qxh5+ 44. Kg2 Qe5 45. Nf6 1-0

[Event "London Classic Open 2018"]
[Site "London ENG"]
[Date "2018.12.09"]
[Round "1.29"]
[White "Penna, Tommaso"]
[Black "Cherniaev, Alexander"]
[Result "0-1"]
[BlackTitle "GM"]
[WhiteElo "1963"]
[BlackElo "2393"]
[WhiteFideId "847836"]
[BlackFideId "4117301"]
[EventDate "2018.12.09"]

1. e4 e6 2. d4 b6 3. Bd3 Bb7 4. Nf3 d6 5. O-O Nd7 6. c4 Ne7 7. Nc3 g6 8. Qe2 Bg7
9. Rd1 h6 10. Bc2 O-O 11. Rb1 Kh7 12. h4 e5 13. d5 Nf6 14. b4 Bc8 15. Ne1 Nh5
16. g3 f5 17. exf5 Nxf5 18. Ne4 Nf6 19. h5 gxh5 20. Nf3 Kg8 21. Kg2 a5 22. a3
axb4 23. axb4 h4 24. gxh4 Ra2 25. Qd3 Nxe4 26. Qxe4 Rxc2 27. Qxc2 Nxh4+ 28. Nxh4
Qxh4 29. Rb3 Bf5 30. Qe2 Bg4 31. f3 0-1

[Event "London Classic Open 2018"]
[Site "London ENG"]
[Date "2018.12.09"]
[Round "1.39"]
[White "Cramling Bellon, Anna"]
[Black "Mihajlov, Sebastian"]
[Result "0-1"]
[WhiteTitle "WFM"]
[BlackTitle "IM"]
[WhiteElo "1927"]
[BlackElo "2358"]
[WhiteFideId "32009232"]
[BlackFideId "1512110"]
[EventDate "2018.12.09"]

1. d4 Nf6 2. c4 c6 3. Nc3 d5 4. Nf3 dxc4 5. a4 Bf5 6. Nh4 Bc8 7. Nf3 Bf5 8. Nh4
Bd7 9. e3 b5 10. Nf3 e6 11. Ne5 Qb6 12. Qf3 Qa5 13. Bd2 b4 14. Nxc4 Qf5 15. Qxf5
exf5 16. Na2 a5 17. Nc1 Be6 18. Bd3 Be7 19. Nb3 Bxc4 20. Bxc4 O-O 21. Rc1 g6 22.
O-O Nbd7 23. Be2 Rfc8 24. Bf3 Ne4 25. Rfd1 Nb6 26. Bxe4 fxe4 27. Rc2 Kf8 28. f3
f5 29. fxe4 fxe4 30. Ra1 Ke8 31. Nc5 Bxc5 32. Rxc5 Kd7 33. b3 Rf8 34. Rf1 Rxf1+
35. Kxf1 Rf8+ 36. Ke2 Rf5 37. Rc1 Nd5 38. Be1 Rg5 39. g3 Rh5 40. h4 Rf5 41. Bd2
h5 42. Rg1 Nf6 43. Rg2 Ng4 44. Bc1 Kd6 45. Bd2 Rf3 46. Bc1 Nh6 47. Rg1 Nf5 48.
g4 Ng3+ 49. Ke1 hxg4 50. Bd2 Ke6 51. Kd1 Kf5 52. Ke1 Nh5 53. Ke2 g3 54. Be1 Kg4
55. Rh1 g2 56. Rg1 Kh3 57. Bf2 Ng3+ 0-1

[Event "London Classic Open 2018"]
[Site "London ENG"]
[Date "2018.12.09"]
[Round "1.40"]
[White "Lane, Gary W"]
[Black "Jain, Gautam"]
[Result "1-0"]
[WhiteTitle "IM"]
[WhiteElo "2353"]
[BlackElo "1926"]
[WhiteFideId "3203301"]
[BlackFideId "425311"]
[EventDate "2018.12.09"]

1. e4 e5 2. Nf3 Nc6 3. Bc4 Nf6 4. d3 h6 5. O-O d6 6. a4 g5 7. c3 Bg7 8. Be3 Ne7
9. Nbd2 g4 10. Nh4 d5 11. Bb3 Nc6 12. f4 dxe4 13. dxe4 Nxe4 14. Nxe4 Qxh4 15. f5
O-O 16. Bc5 Rd8 17. Bxf7+ Kh8 18. Qe2 b6 19. g3 Qh3 20. Nf2 Qxf1+ 21. Rxf1 bxc5
22. Nxg4 Bb7 23. f6 Bf8 24. Qc2 e4 25. Qxe4 Rd2 26. Bd5 Rd8 27. Bxc6 Ba6 28. Ne5 1-0

[Event "London Classic Open 2018"]
[Site "London ENG"]
[Date "2018.12.09"]
[Round "1.42"]
[White "Sowray, Peter J"]
[Black "Balaji, Aaravamudhan"]
[Result "1-0"]
[WhiteTitle "FM"]
[WhiteElo "2342"]
[BlackElo "1914"]
[WhiteFideId "400971"]
[BlackFideId "436224"]
[EventDate "2018.12.09"]

1. d4 Nf6 2. c4 g6 3. Nc3 Bg7 4. e4 d6 5. f3 O-O 6. Be3 c5 7. Nge2 Nc6 8. d5 Ne5
9. Ng3 h5 10. Be2 h4 11. Nf1 a6 12. a4 Bd7 13. h3 b5 14. axb5 axb5 15. Rxa8 Qxa8
16. cxb5 c4 17. Nd2 Nh5 18. O-O Ng3 19. Rf2 Nxe2+ 20. Rxe2 Rc8 21. f4 Nd3 22.
Nf3 Nxb2 23. Rxb2 Bxc3 24. Rb1 Bf6 25. Nd4 Qa3 26. Bf2 Bxd4 27. Bxd4 c3 28. Qc2
Rc4 29. b6 Bc8 30. Be3 Rb4 31. Rc1 Rb3 32. Bd4 Qb4 33. Kh1 Ba6 34. Bxc3 Qxb6 35.
Bd4 Qb4 36. Qc8+ 1-0

[Event "London Classic Open 2018"]
[Site "London ENG"]
[Date "2018.12.09"]
[Round "1.43"]
[White "Cole, James"]
[Black "Bradbury, Neil H"]
[Result "0-1"]
[BlackTitle "IM"]
[WhiteElo "1914"]
[BlackElo "2336"]
[WhiteFideId "431818"]
[BlackFideId "400513"]
[EventDate "2018.12.09"]

1. d4 Nf6 2. c4 e6 3. g3 c5 4. Nf3 b6 5. Bg2 Bb7 6. O-O Be7 7. Nc3 cxd4 8. Nxd4
Bxg2 9. Kxg2 Qc8 10. Qd3 O-O 11. Bg5 Nc6 12. b3 h6 13. Bxf6 Bxf6 14. e3 Ne5 15.
Qd2 Qb7+ 16. Kg1 a6 17. f4 Nc6 18. Rac1 Rfd8 19. a4 Na5 20. Rb1 Rac8 21. e4 Be7
22. Qd3 Bc5 23. Rfd1 Nc6 24. Ne2 Nb4 25. Qe3 b5 26. cxb5 axb5 27. Rbc1 bxa4 28.
bxa4 Qa7 29. Rd2 d5 30. e5 Bb6 31. Rxc8 Rxc8 32. a5 Qxa5 33. Qb3 Rc4 34. Kg2 Qc5
35. f5 Nc6 36. Nxc6 Qf2+ 37. Kh3 Qf1# 0-1

[Event "London Classic Open 2018"]
[Site "London ENG"]
[Date "2018.12.09"]
[Round "1.45"]
[White "Hughes, Anthony"]
[Black "Paterek, Michal"]
[Result "0-1"]
[WhiteTitle "CM"]
[BlackTitle "FM"]
[WhiteElo "1910"]
[BlackElo "2328"]
[WhiteFideId "1803093"]
[BlackFideId "1116142"]
[EventDate "2018.12.09"]

1. d4 d5 2. c4 c6 3. Nf3 Nf6 4. e3 a6 5. Bd3 Bg4 6. Nc3 e6 7. b3 Nbd7 8. Bb2 Bd6
9. h3 Bh5 10. Qc2 b5 11. c5 Bc7 12. g4 Bg6 13. O-O-O b4 14. Na4 Bxd3 15. Qxd3
Ne4 16. Rhf1 O-O 17. Nd2 f5 18. f3 Ng3 19. Rg1 Qh4 20. f4 fxg4 21. hxg4 Qxg4 22.
Rg2 Qf5 23. Nf3 Qxd3 24. Rxd3 Ne4 25. Rd1 Rf5 26. Rdg1 g6 27. Kc2 Rh5 28. Kd3
Rh3 29. Ke2 Rf8 30. Bc1 Rf5 31. Bd2 a5 32. Nb2 Rfh5 33. Nd3 Rh1 34. Kf1 Rxg1+
35. Rxg1 Rh3 36. Ke2 Rxf3 37. Kxf3 Nxd2+ 38. Ke2 Ne4 39. Kf3 Nc3 40. Ra1 Nb5 41.
Rg1 Kg7 42. Rg2 Nf6 43. Nf2 Nc3 44. Nh3 h6 45. Rc2 Nfe4 46. Rg2 Kf6 47. Rh2 Kf5
48. Ng1 h5 49. Rg2 g5 50. fxg5 Nxg5+ 51. Kf2 Nxa2 52. Nf3 Nxf3 53. Kxf3 Nc3 54.
Rg8 a4 55. bxa4 b3 56. Rf8+ Kg6 57. Rg8+ Kf6 58. Rg2 Nxa4 59. Rg1 b2 60. Rb1 Ba5
61. Ke2 Nc3+ 0-1

[Event "London Classic Open 2018"]
[Site "London ENG"]
[Date "2018.12.09"]
[Round "1.46"]
[White "Derakhshani, Borna"]
[Black "Mugalu, Hassan"]
[Result "1-0"]
[WhiteTitle "FM"]
[WhiteElo "2325"]
[BlackElo "1910"]
[WhiteFideId "12518450"]
[BlackFideId "451533"]
[EventDate "2018.12.09"]

1. d4 Nf6 2. Bf4 b6 3. Nc3 Bb7 4. d5 d6 5. e4 c6 6. Qd2 g6 7. O-O-O Bg7 8. Bh6
Bxh6 9. Qxh6 Nbd7 10. Nf3 Qc7 11. dxc6 Bxc6 12. Nd5 Qb7 13. Nxf6+ Nxf6 14. e5
Ng4 15. Qh4 Nxe5 16. Nd4 Bxg2 17. Bb5+ Kf8 18. Rhg1 a6 19. Qh6+ Kg8 20. Bc6 Ng4
21. Bxb7 Nxh6 22. Bxg2 Ra7 23. Nc6 Rc7 24. Nb4 Ra7 25. Rge1 Kf8 26. Rd3 b5 27.
Ra3 a5 28. Nc6 b4 29. Rh3 1-0

[Event "London Classic Open 2018"]
[Site "London ENG"]
[Date "2018.12.09"]
[Round "1.47"]
[White "Rushbrooke, Remy"]
[Black "Fischer, Daniel"]
[Result "0-1"]
[BlackTitle "FM"]
[WhiteElo "1909"]
[BlackElo "2324"]
[WhiteFideId "443590"]
[BlackFideId "1328360"]
[EventDate "2018.12.09"]

1. d4 Nf6 2. Bg5 d5 3. Bxf6 exf6 4. e3 Bd6 5. g3 O-O 6. Bg2 c6 7. c4 dxc4 8. Nc3
f5 9. Nge2 Nd7 10. O-O Nf6 11. Rc1 Be6 12. d5 cxd5 13. Nxd5 Bxd5 14. Bxd5 Bxg3
15. Bxf7+ Rxf7 16. hxg3 b5 17. Qxd8+ Rxd8 18. Nd4 Rd5 19. a4 a6 20. axb5 axb5
21. Ra1 Rb7 22. Ra8+ Kf7 23. Rfa1 g6 24. R1a7 Rdd7 25. Ra5 b4 26. Rc5 c3 27.
bxc3 b3 28. Rb5 Rxb5 29. Nxb5 b2 30. Na3 Rd1+ 31. Kg2 b1=Q 32. Nxb1 Rxb1 33. Ra2
Rc1 34. Rb2 Rxc3 35. Rd2 Ne4 36. Ra2 Rd3 37. Ra1 Rd2 38. Rf1 Kf6 0-1

[Event "London Classic Open 2018"]
[Site "London ENG"]
[Date "2018.12.09"]
[Round "1.48"]
[White "Kueppers, Timo"]
[Black "Dias, Savin"]
[Result "1-0"]
[WhiteTitle "FM"]
[WhiteElo "2320"]
[BlackElo "1903"]
[WhiteFideId "16205820"]
[BlackFideId "442399"]
[EventDate "2018.12.09"]

1. c4 c5 2. g3 g6 3. Bg2 Bg7 4. Nc3 Nc6 5. Nf3 d6 6. O-O Nf6 7. d4 cxd4 8. Nxd4
Bd7 9. Nc2 Rc8 10. b3 O-O 11. Bb2 a6 12. Rc1 Qa5 13. a4 Qc7 14. Ne3 Qb8 15. Ba3
Be6 16. Qd2 Na7 17. Ned5 Nxd5 18. Nxd5 Bxd5 19. Qxd5 b5 20. cxb5 axb5 21. Qb7
Qxb7 22. Bxb7 Rc3 23. Bd5 Rfc8 24. Rxc3 Bxc3 25. Bc1 Rc5 26. Rd1 bxa4 27. bxa4
Nc6 28. Bg2 Nd4 29. Be3 Rc4 30. a5 Nxe2+ 31. Kf1 Nxg3+ 32. hxg3 Ra4 33. Rc1 Bxa5
34. Bh6 1-0

[Event "London Classic Open 2018"]
[Site "London ENG"]
[Date "2018.12.09"]
[Round "1.49"]
[White "Frank, Tena"]
[Black "Lyell, Mark"]
[Result "0-1"]
[WhiteTitle "WFM"]
[BlackTitle "FM"]
[WhiteElo "1899"]
[BlackElo "2317"]
[WhiteFideId "4624297"]
[BlackFideId "402354"]
[EventDate "2018.12.09"]

1. d4 e6 2. c4 f5 3. Nc3 Nf6 4. Bg5 Bb4 5. f3 h6 6. Bh4 O-O 7. Qb3 c5 8. O-O-O
Qa5 9. Nb5 a6 10. Nd6 cxd4 11. Rxd4 Nc6 12. Rd1 Bxd6 13. Rxd6 Qc5 14. Rd2 Na5
15. Qd1 Qxc4+ 16. Kb1 Qxh4 17. Rd4 Qh5 18. Qe1 Nc6 19. Rh4 Qg6 20. Nh3 f4+ 21.
Kc1 Nd5 22. Rg4 Qh7 23. e4 fxe3 24. a3 d6 25. Qd1 Ne5 26. Re4 Bd7 27. Bd3 0-1

[Event "London Classic Open 2018"]
[Site "London ENG"]
[Date "2018.12.09"]
[Round "1.50"]
[White "Wu, Li"]
[Black "Jina, Taran"]
[Result "1-0"]
[WhiteElo "2317"]
[BlackElo "1898"]
[WhiteFideId "411086"]
[BlackFideId "426369"]
[EventDate "2018.12.09"]

1. c4 e6 2. Nf3 Nf6 3. Nc3 d5 4. d4 b6 5. cxd5 exd5 6. g3 Be7 7. Bg2 O-O 8. O-O
Nbd7 9. Ne5 Bb7 10. Qa4 Nxe5 11. dxe5 Ne8 12. Nxd5 Bxd5 13. Rd1 c6 14. e4 Nc7
15. exd5 cxd5 16. Bf4 f6 17. exf6 Bd6 18. Bxd5+ Nxd5 19. Rxd5 Qxf6 20. Rxd6 Qxb2
21. Qb3+ Qxb3 22. axb3 Rf7 23. Rxb6 Rc8 24. Rba6 Rb7 25. Rxa7 Rxb3 26. Be5 Rb5
27. Rxg7+ Kf8 28. Rxh7 Kg8 29. Rh8+ 1-0

[Event "London Classic Open 2018"]
[Site "London ENG"]
[Date "2018.12.09"]
[Round "1.51"]
[White "Tombolis, Christopher"]
[Black "Van Zyl-Rudd, Jack"]
[Result "0-1"]
[BlackTitle "FM"]
[WhiteElo "1898"]
[BlackElo "2306"]
[WhiteFideId "433691"]
[BlackFideId "14309017"]
[EventDate "2018.12.09"]

1. d4 d6 2. c4 e5 3. dxe5 dxe5 4. Qxd8+ Kxd8 5. Nf3 f6 6. Nc3 Be6 7. b3 Nd7 8.
Bb2 c6 9. O-O-O Kc7 10. e3 a5 11. Be2 Nc5 12. Ne1 Nh6 13. h3 Nf7 14. Nd3 h5 15.
Nxc5 Bxc5 16. Ne4 Be7 17. g4 a4 18. f4 axb3 19. axb3 Ra2 20. f5 Bd7 21. Kb1 Rha8
22. Rd2 R2a7 23. Rhd1 Bc8 24. c5 hxg4 25. Nd6 Nxd6 26. cxd6+ Bxd6 27. Rxd6 Bxf5+
28. Kc1 gxh3 29. Bf3 Re8 30. e4 Be6 31. Bh5 Re7 32. R6d3 Ra8 33. Bg6 Rh8 34. Ba3
Rd7 35. Rxd7+ Bxd7 36. Bd6+ Kb6 37. b4 h2 38. Bc5+ Kb5 39. Rh1 Bg4 40. Kc2 Bf3
41. Ra1 b6 42. Kb3 bxc5 43. Bf7 h1=Q 44. Bc4+ Kb6 45. Ra6+ Kb7 46. bxc5 Bd1+ 47.
Ka2 Rh2+ 48. Ka3 Qf3+ 49. Bd3 Qxd3+ 50. Kb4 Rb2+ 0-1

[Event "London Classic Open 2018"]
[Site "London ENG"]
[Date "2018.12.09"]
[Round "1.52"]
[White "Ronka, Erik"]
[Black "Orishko, Ostap"]
[Result "1-0"]
[WhiteElo "2281"]
[BlackElo "1897"]
[WhiteFideId "505080"]
[BlackFideId "14136856"]
[EventDate "2018.12.09"]

1. d4 d5 2. c4 e6 3. Nc3 Nf6 4. cxd5 exd5 5. Bg5 Be7 6. e3 O-O 7. Bd3 Nbd7 8.
Nge2 b6 9. O-O Bb7 10. Qa4 a6 11. Rfd1 c5 12. dxc5 bxc5 13. Bf5 h6 14. Bh4 Nb6
15. Qc2 Qc7 16. Rac1 Qc6 17. f3 Nc4 18. Bf2 Nd6 19. Bh3 Bc8 20. Bxc8 Raxc8 21.
Nf4 d4 22. exd4 cxd4 23. Rxd4 Nb5 24. Rd3 Nd7 25. Nfd5 Bc5 26. Bxc5 Qxc5+ 27.
Qf2 Ne5 28. Qxc5 Rxc5 29. Rdd1 Rb8 30. b3 Kf8 31. Nxb5 Rbxb5 32. Nc3 Rb6 33. Ne4
Rxc1 34. Rxc1 f5 35. Nf2 Rd6 36. Rc5 Re6 37. f4 Ng6 38. Rxf5+ Ke7 39. g3 Re2 40.
Ra5 1-0

[Event "London Classic Open 2018"]
[Site "London ENG"]
[Date "2018.12.09"]
[Round "1.53"]
[White "Cowan, Richard M"]
[Black "Abbas, Daniel"]
[Result "0-1"]
[BlackTitle "FM"]
[WhiteElo "1894"]
[BlackElo "2280"]
[WhiteFideId "419524"]
[BlackFideId "423831"]
[EventDate "2018.12.09"]

1. e4 c5 2. Nc3 a6 3. g3 b5 4. Bg2 Bb7 5. d3 e6 6. f4 d5 7. Qe2 Nc6 8. Nf3 Nd4
9. Nxd4 cxd4 10. Nd1 dxe4 11. dxe4 Rc8 12. O-O h5 13. f5 e5 14. h4 b4 15. b3 Nf6
16. Bg5 Qb6 17. Nf2 Rc3 18. Bxf6 gxf6 19. Kh2 Qc6 20. Rac1 Bh6 21. Qxh5 Rxg3 22.
Qxh6 Rxg2+ 23. Kxg2 Rxh6 24. Rh1 Rh5 25. Kf1 d3 0-1

[Event "London Classic Open 2018"]
[Site "London ENG"]
[Date "2018.12.09"]
[Round "1.55"]
[White "Spina, Simonpietro"]
[Black "Merriman, John"]
[Result "0-1"]
[WhiteElo "1881"]
[BlackElo "2261"]
[WhiteFideId "882453"]
[BlackFideId "402362"]
[EventDate "2018.12.09"]

1. e4 e6 2. d4 d5 3. e5 c5 4. c3 Qb6 5. Nf3 Nc6 6. a3 f6 7. Bd3 Bd7 8. O-O fxe5
9. dxe5 c4 10. Bc2 Nh6 11. b3 cxb3 12. Bxb3 Nf7 13. Re1 Bc5 14. Be3 O-O 15. Ra2
Rac8 16. Bd4 Na5 17. Bc2 Bb5 18. Nbd2 Ba6 19. h4 Bxd4 20. cxd4 Rc3 21. Re3 Rfc8
22. Rxc3 Rxc3 23. Nb1 Rc8 24. Nbd2 Rc3 25. Nb1 Rc8 26. Nbd2 Nh6 27. Ng5 Qxd4 28.
Bxh7+ Kh8 29. Ngf3 Qf4 30. Rc2 Rf8 31. Bg6 Nc6 32. g3 Qg4 33. h5 Nxe5 0-1

[Event "London Classic Open 2018"]
[Site "London ENG"]
[Date "2018.12.09"]
[Round "1.56"]
[White "Tomaszewski, Kacper"]
[Black "Newbry, Benjamin J"]
[Result "1-0"]
[WhiteTitle "FM"]
[WhiteElo "2259"]
[BlackElo "1875"]
[WhiteFideId "1127373"]
[BlackFideId "30924634"]
[EventDate "2018.12.09"]

1. d4 b6 2. e4 Bb7 3. Bd3 Nf6 4. f3 Nc6 5. Be3 e5 6. d5 Ne7 7. c4 Ng6 8. Ne2 Bc5
9. Qd2 O-O 10. Nbc3 Bxe3 11. Qxe3 Nh5 12. g3 h6 13. h4 Qe7 14. O-O-O Qc5 15. Qd2
a5 16. f4 Nf6 17. h5 Ne7 18. Rh4 d6 19. Na4 Qf2 20. Rdh1 Bc8 21. Kb1 Ng4 22. f5
Qf3 23. Ng1 Qf2 24. Qd1 Nf6 25. R1h2 Qe3 26. Re2 Qxg3 27. Rh3 Qf4 28. Rg2 Nxe4
29. Rf3 Qh4 30. Rh3 Nf2 31. Qe1 Qf6 32. Rxf2 Bxf5 33. Nc3 Qg5 34. Bxf5 Nxf5 35.
Ne4 Qg4 36. Rhh2 Ng3 37. Nxg3 Qxg3 38. Nf3 f5 39. Rhg2 Qh3 40. Qg1 Rf7 41. Rg3
Qxh5 42. Rh2 Qxh2 43. Qxh2 e4 44. Nd4 f4 45. Rg1 Kh7 46. Qg2 f3 47. Qg6+ Kg8 48.
Nf5 Kf8 49. Qh7 1-0

[Event "London Classic Open 2018"]
[Site "London ENG"]
[Date "2018.12.09"]
[Round "1.57"]
[White "Vachtfeidl, Petr"]
[Black "Venkataramanan, T.S."]
[Result "0-1"]
[BlackTitle "FM"]
[WhiteElo "1861"]
[BlackElo "2253"]
[WhiteFideId "315028"]
[BlackFideId "5001579"]
[EventDate "2018.12.09"]

1. d4 d5 2. c4 e6 3. Nc3 Nf6 4. Bg5 Be7 5. e3 O-O 6. Nf3 h6 7. Bh4 b6 8. Be2 Bb7
9. Bxf6 Bxf6 10. cxd5 exd5 11. Qb3 Re8 12. O-O c6 13. Rfd1 Nd7 14. Rac1 Nf8 15.
Rd2 g6 16. h3 Bg7 17. Qa4 Ne6 18. Qd1 Qd6 19. a3 Rad8 20. b4 Qb8 21. Qb3 Re7 22.
Rcd1 Red7 23. Ne1 Re7 24. g3 Ng5 25. h4 Nh3+ 26. Kg2 Bc8 27. b5 Nxf2 28. Nxd5
Rxd5 29. Kxf2 Be6 30. Bc4 Rxb5 31. Qc2 Rf5+ 32. Kg2 Bxc4 33. Qxc4 Rxe3 0-1

[Event "London Classic Open 2018"]
[Site "London ENG"]
[Date "2018.12.09"]
[Round "1.58"]
[White "Barrish, Daniel"]
[Black "Jones, Tibor"]
[Result "1-0"]
[WhiteTitle "FM"]
[WhiteElo "2252"]
[BlackElo "1860"]
[WhiteFideId "14304600"]
[BlackFideId "2405288"]
[EventDate "2018.12.09"]

1. d4 d5 2. c4 e6 3. Nf3 c6 4. e3 Nf6 5. b3 c5 6. Bb2 cxd4 7. exd4 Bb4+ 8. Nbd2
O-O 9. Bd3 Nc6 10. O-O b6 11. Ne5 Bb7 12. Ndf3 Ne4 13. Qe2 Nxe5 14. Nxe5 f6 15.
Nf3 Re8 16. Rac1 f5 17. c5 bxc5 18. Bb5 Re7 19. a3 cxd4 20. axb4 e5 21. Bc6 Qb6
22. Qb5 Bxc6 23. Qxc6 Qxc6 24. Rxc6 g5 25. Ra1 g4 26. Ne1 Nd2 27. Rc2 Ne4 28.
Ra5 Nf6 29. Rc6 Kf7 30. Nd3 Rd8 31. Kf1 Rdd7 32. Nxe5+ Rxe5 33. Bxd4 Rde7 34.
Bxe5 Rxe5 35. Rxa7+ Re7 36. Rxe7+ Kxe7 37. b5 Nd7 38. b6 Ne5 39. Rc8 Kd7 40. b7
Nc6 41. Rxc6 1-0

[Event "London Classic Open 2018"]
[Site "London ENG"]
[Date "2018.12.09"]
[Round "1.59"]
[White "Karia, Rishul"]
[Black "Rocco, Federico"]
[Result "1-0"]
[WhiteElo "1851"]
[BlackElo "2244"]
[WhiteFideId "429384"]
[BlackFideId "431362"]
[EventDate "2018.12.09"]

1. e4 c5 2. Nc3 Nc6 3. g3 g6 4. Bg2 Bg7 5. Nge2 e6 6. f4 d6 7. d3 Nge7 8. O-O
O-O 9. Kh1 Rb8 10. g4 f5 11. g5 Bd7 12. Ng3 Nd4 13. Nce2 Bc6 14. Nxd4 cxd4 15.
Qe2 e5 16. exf5 Nxf5 17. Nxf5 Rxf5 18. Kg1 Bxg2 19. Qxg2 Qc7 20. fxe5 Rxf1+ 21.
Qxf1 Qxc2 22. exd6 Rf8 23. Bf4 Be5 24. Rc1 Qa4 25. Qh3 Bxf4 26. Qe6+ Kh8 27. d7
Be3+ 28. Kh1 Qa5 29. Qd6 Kg8 30. Qe6+ Rf7 31. Rf1 1-0

[Event "London Classic Open 2018"]
[Site "London ENG"]
[Date "2018.12.09"]
[Round "1.60"]
[White "Richardson, John R"]
[Black "Viudes Serra, Aaron"]
[Result "1-0"]
[WhiteTitle "FM"]
[WhiteElo "2242"]
[BlackElo "1850"]
[WhiteFideId "401617"]
[BlackFideId "2247658"]
[EventDate "2018.12.09"]

1. d4 d5 2. c4 c6 3. Nf3 Nf6 4. Nc3 Bf5 5. cxd5 Nxd5 6. g3 e6 7. Bg2 Be7 8. Ne5
f6 9. e4 Nxc3 10. bxc3 fxe5 11. exf5 exf5 12. Qb3 Qc7 13. Rb1 b6 14. O-O Nd7 15.
Qe6 Qd6 16. Qxf5 Rc8 17. Bh3 exd4 18. Re1 g6 19. Bf4 1-0

[Event "London Classic Open 2018"]
[Site "London ENG"]
[Date "2018.12.09"]
[Round "1.61"]
[White "Lochte, Szilvia"]
[Black "Marzano, Carlo"]
[Result "1-0"]
[WhiteElo "1843"]
[BlackElo "2222"]
[WhiteFideId "708410"]
[BlackFideId "802980"]
[EventDate "2018.12.09"]

1. c4 e5 2. g3 Nf6 3. Bg2 Nc6 4. Nc3 Bc5 5. e3 d5 6. cxd5 Nb4 7. d4 exd4 8. exd4
Be7 9. Nge2 Nbxd5 10. Nf4 Nxf4 11. Bxf4 O-O 12. O-O Bd6 13. Bg5 h6 14. Bxf6 Qxf6
15. Ne4 Qd8 16. Nxd6 Qxd6 17. Rc1 c6 18. Qb3 Qxd4 19. Rfe1 Qb6 20. Rc3 Be6 21.
Qc2 Rad8 22. b3 Rd6 23. Be4 Rfd8 24. Rd3 Qb4 25. Re2 Rd4 26. Kg2 Rxd3 27. Bxd3
Qg4 28. f3 Qd4 29. Bf5 Bxf5 30. Qxf5 g6 31. Qc2 Kf8 32. Qc1 Kg7 33. Qa3 a6 34.
Qe7 Rd7 35. Qe8 Qd6 36. Qe3 Qf6 37. a3 Qf5 38. Qc3+ Qf6 39. Qe3 h5 40. b4 h4 41.
Qe4 Rd4 42. Qe3 Rd6 43. Qe7 Rd3 44. Re3 Rxa3 45. Qxf6+ 1-0